000 00702nam a2200289Ia 4500
005 20260324120304.0
008 008 260324s9999 xx 000 0 eng d
020 _a9781315814346
037 _aEBOOK
040 _aCRL
040 _beng
040 _cCRL
041 _2eng
041 _aeng
084 _qCRL
100 _aHelen Crompton; John Traxler
_91157972
245 0 _aMobile Learning and Mathematics
245 0 _bFoundations, Design, and Case Studies
260 _bTaylor and Francis
260 _c2015
365 _a
365 _b230
856 _uhttp://www.taylorfrancis.com/books/9781315814346
942 _cEBOOK
999 _c1749428
_d1749428